000
00204 a2200097 4500
001
22613
100
_a
Herrligoffer, K M
245
_a
Nanga Parbat
260
_a
_b
Elek Book
_c
1952
090
_c
15269
_d
15269
942
_a
NUST-CAE
_c
M
_c
5857
999
_c
257686
_d
257686